000 01743cam a22004214i 4500
003 PE-LiUPU
005 20250731172930.0
008 s1964 xxu gr 000 0 eng d
035 _a(Sirsi) a204393
040 _aPE-LiUPU
_bspa
_cPE-LiUPU
_erda
049 _aPRUA
082 0 4 _a227.2
_bG82
_221
100 1 _aGrosheide, F. W.,
_eautor.
245 1 0 _aCommentary on the first epistle to the corinthians /
_cF. W. Grosheide, Th.D.
264 1 _aMichigan :
_bEerdamans,
_c1964.
300 _a415 páginas ;
_c20 centímetros.
336 _atext
_2rdacontent
337 _aunmediated
_2rdamedia
338 _avolume
_2rdacarrier
505 2 _aSalutation -- Thanksgiving -- The disputes -- Divine and worldly wisdom -- False and true wisdom -- God, his servants and his congregation --Let nobody judge in pride -- Matter of fact communications -- Outrageous fornication -- Forbidden lawsuits -- Concerning wedlock -- Concerning marriage -- Concerning virgins -- The eating of meat offered to idols -- Paul's example in self-sacrifice -- The example of Israel -- Admonitions against idolatry -- Practical rules about Idol-meats.
526 _aSEG42
526 _aSEG41
526 _aSEG40
526 _aSEG39
526 _aP94
526 _aP87
526 _aP86
526 _aP85
526 _aP77
526 _aP76
526 _aP35
650 0 4 _aCorintios
_xComentarios
942 _2ddc
_cBOOK
994 _aC0
_bPEPRU
596 _a1
999 _a227.2 G82
_wLC
_c20754
_i76262
_f2021-11-9
_g4
_lCCODEBUL1
_mBUL
_p15.00
_r0
_sY
_tBOOK
_u2017-6-15
_xTEOLOGIA
_PP85
_0COMPRA
_o.STAFF. Colección Teología
_d20754
980 _81
_gALBERTO SANCHEZ Responsable de Automatización